biopic titles 2 - Statistics

General Stats
  • This quiz has been taken 11 times
  • The average score is 11 of 15
Answer Stats
subject year title % Correct
Mahatma Gandhi 1982 Gandhi
100%
Oskar Schindler 1994 Schindler's List
100%
Prince Albert/King George VI 2010 The King's Speech
100%
Mark Zuckerberg 2010 The Social Network
100%
Johnny Cash 2005 Walk the Line
100%
Harvey Milk 2008 Milk
89%
Spartacus 1960 Spartacus
89%
Jake LaMotta 1980 Raging Bull
78%
Dick Cheney 2018 Vice
78%
Truman Capote 2005 Capote
67%
Katherine Johnson, Dorothy Vaughan, Mary Jackson 2016 Hidden Figures
67%
Alan Turing 2014 The Imitation Game
67%
Joseph Merrick 1980 The Elephant Man
56%
Christopher McCandless 2007 Into the Wild
11%
Frank Sheeran 2013 The Irishman
0%
No matching quizzes found
Score Distribution
Percent of People with Each Score
Percentile by Number Answered
Your Score History
You have not taken this quiz